Religion Quiz

Random Religion or Country Quiz

Country by Religious Pie Chart Quiz Stats

 Plays Quiz Updated Jun 15, 2015

Score 0/10 Timer 04:00
4 Plays Today
% Correct
Japan
83.6%
India
81.6%
Egypt
75.2%
United States of America
72.8%
Germany
69.8%
United Kingdom
59%
Canada
54.5%
Brazil
54.1%
Mexico
51.9%
France
46.5%

You're not logged in!

Compare scores with friends on all Sporcle quizzes.
OR
Log In

You Might Also Like...

Show Comments

Extras

Top Quizzes Today


Score Distribution

Your Account Isn't Verified!

In order to create a playlist on Sporcle, you need to verify the email address you used during registration. Go to your Sporcle Settings to finish the process.

Report this User

Report this user for behavior that violates our Community Guidelines.

Details: